| 000 | 00827nam a2200217Ii 4500 | ||
|---|---|---|---|
| 003 | JO-AjNU | ||
| 008 | 230605s9999||||xx |||||||||||||| ||und|| | ||
| 017 | _a1986/21 | ||
| 040 |
_aJO-AjNU _bara _erda _cJO-AjNU |
||
| 041 | _aara | ||
| 050 | 1 | 4 | _aHJ139 .U42 1988 |
| 100 | 3 |
_aتأليف: العمري ، هشام محمد صفوت, _eauthor _952611 |
|
| 245 | 0 | 0 | _aاقتصاديات المالية العامة والسياسة المالية: النفقات العامة، الايرادات العامة، القروض العامة، ج1 |
| 250 | _aط2 منقحة | ||
| 264 | 3 | 1 | _aبغداد: د.ن، 1988 |
| 300 | _aج1، 301ص | ||
| 336 |
_atext _btxt _2rdacontent |
||
| 337 |
_aunmediated _bn _2rdamedia |
||
| 338 |
_avolume _bnc _2rdacarrier |
||
| 650 | 4 |
_a المالية العامة - اقتصاديات _952612 |
|
| 999 |
_aA23316 _c26884 _d26884 |
||